| 000 | 00428nam a2200181Ia 4500 | ||
|---|---|---|---|
| 001 | 19765 | ||
| 005 | 20260306172717.0 | ||
| 008 | 260306t2007||||xx |||||||||||||| ||spa|| | ||
| 041 | _aESP | ||
| 082 |
_a341 _bW19 |
||
| 100 |
_aWaluchow, Wilfrid J. _eAUT |
||
| 245 | 0 | _aPositivismo jurídico incluyente | |
| 260 | _c2007 | ||
| 300 |
_a305 páginas : _c23 cm. |
||
| 650 | _aGEN | ||
| 654 | _aCDE | ||
| 942 |
_cLIB _dJUS _fJUS _2ddc _n |
||
| 999 |
_c19765 _d19765 |
||